Невидимые властители. Записки агента: пер. с фр.

Бібліографічні деталі
Автор: Гонсалес-Мата Л. М. Луис М.
Інші автори: Замойский Л. П. (редактор)
Мова:Російська
Опубліковано: Москва, Прогресс, 1983
Предмети:
Формат: MixedMaterials Книга
KOHA link:https://koha.lib.tpu.ru/cgi-bin/koha/opac-detail.pl?biblionumber=305691

MARC

LEADER 00000nam0a2200000 4500
001 305691
005 20231102001826.0
020 |a RU  |b 83-47574 
035 |a (RuTPU)RU\TPU\book\330963 
090 |a 305691 
100 |a 20150929d1983 km y0rusy5003 ca 
101 1 |a rus  |c fre 
102 |a RU 
105 |a y z 001zy 
200 1 |a Невидимые властители. Записки агента  |e пер. с фр.  |d Les vrais maitres du monde  |f Л. М. Гонсалес-Мата  |g под ред. Л. П. Замойского 
210 |a Москва  |c Прогресс  |d 1983 
215 |a 223 с. 
320 |a Именной указатель: с. 217-222 
510 1 |a Les vrais maitres du monde  |z fre 
606 1 |a Империализм  |x Подрывная деятельность  |2 stltpush  |3 (RuTPU)RU\TPU\subj\12418  |9 39200 
610 1 |a диверсии 
610 1 |a разведка 
610 1 |a шпионаж 
610 1 |a суперправительство 
610 1 |a мировое господство 
610 1 |a массонство 
610 1 |a терроризм 
610 1 |a политические скандалы 
610 1 |a 20 век 
686 |a Ф4(0,8)5  |2 rubbk 
700 1 |a Гонсалес-Мата  |b Л. М.  |g Луис М.  |4 070 
702 1 |a Замойский  |b Л. П.  |4 340 
801 0 |a RU  |b RuMRKP  |c 19950704  |g psbo 
801 1 |a RU  |b 63413507  |c 20150929 
801 2 |a RU  |b 63413507  |c 20180626  |g RCR 
942 |c BK